000 01115nji a22002897a 4500
005 20100920135453.0
006 a|||||r|||||00| 0
007 sd ammalaaahaa
008 100830t xxu||||| |||| 00| 0 eng d
028 _a3AEX.5254
_bEMI
035 _aGR-03820
040 _aSED
_cSED
100 _917455
_aMangeshkar, Lata
245 _aIshq par zor nahin /
_csung by Lata Mangeshkar; music by S. D. Burman; lyric by Anand Bakshi
_h[sound recording] :
246 _aइश्क पर जोर नहीं /
260 _aDum Dum, India
_bEMI
_c1969
300 _a1 sound disc [Gramophone Recording]:
_banalog, 33 1/3 rpm
_c12.5 in. (LP)
_fGramophone Record
500 _aBrief Record
500 _aRecord labels : EMI, Purple
505 _aSide-1 (Ishq par zor nahin) (Lata Mangeshkar) Side-2 (Bajragi bhanwara) (Lata Mangeshkar)
600 _aMangeshkar, Lata
_920359
650 _aFilm Songs
_zIndia
_91186
_xExcerpts
700 _aBurman, S. D.
_920644
700 _aBakshi, Anand
_920752
942 _2ddc
_cGR
999 _c46998
_d46998